000 00643nam a2200193 i 4500
001 135982
003 ES-MaACL
005 20240509145548.0
007 t|
008 070214s1923 sp r ||||1| spa d
100 1 _aRuiz Iñiguez, Ignacio.
_9100835
245 1 0 _aAguas subterráneas y pozos artesianos
_b: exploraciones hidrogeológicas, reglas para descubrir manantiales... /
_cpor Ignacio Ruiz Iñiguez.
260 _aValencia :
_bLa Gutenberg,
_c1923.
300 _a273 p. ;
_c25 x 17 cm.
650 7 _aPozos artesianos
_2
_9136758
650 4 _aCaptación de aguas.
_9152027
852 _aES-MaACL
_jB-4387
999 _c135982
_d135982